Resolución de conflictos: un enfoque psicosociológico
Saved in:
| Hovedforfatter: | |
|---|---|
| Format: | Bog |
| Sprog: | spansk |
| Udgivet: |
Ciudad de México
Fondo de Cultura Económica
1994
|
| Serier: | Colección de Psicología, Psiquiatría y Psicoanálisis
|
| Fag: | |
| Tags: |
Tilføj Tag
Ingen Tags, Vær først til at tagge denne postø!
|
MARC
| LEADER | 00000nam a2200000 a 4500 | ||
|---|---|---|---|
| 001 | UCN6977 | ||
| 003 | CL-VaPUC | ||
| 008 | 011012e19940000MX |||||||||||||||||spa|d | ||
| 082 | 0 | 4 | |a 616.8914 |b AIS |2 21 |
| 100 | 0 | |a Aisenson Kogan, Aída |e author |9 462775 | |
| 245 | 1 | 0 | |a Resolución de conflictos: un enfoque psicosociológico |
| 300 | |a 187 p | ||
| 942 | |c BK | ||
| 945 | |d 20011012 00:00:00 |a rbrito | ||
| 260 | |a Ciudad de México |b Fondo de Cultura Económica |c 1994 | ||
| 650 | 7 | |a PSICOTERAPIA |2 CL-VaPUC |9 462776 | |
| 650 | 0 | |a Agresividad |9 257862 | |
| 650 | 7 | |a CONFLICTO INTERPERSONAL |2 CL-VaPUC |9 324589 | |
| 650 | 0 | |a Solución de conflictos |9 266729 | |
| 583 | |a last modification |c 20011012 00:00:00 |k Rodrigo Vera | ||
| 490 | 0 | |a Colección de Psicología, Psiquiatría y Psicoanálisis | |
| 999 | |c 297516 |d 297514 | ||
| 952 | |0 0 |1 0 |4 0 |6 616_891400000000000_AIS_1994 |7 0 |8 A |9 352298 |a BIBEDU |b BIBEDU |d 2019-11-21 |i 3721205 |o 616.8914 AIS 1994 |p 3721205 |r 2019-11-21 |w 2019-11-21 |y BK |k EPE | ||